Etnografía y diseño cualitativo en investigación educativa

में बचाया:
ग्रंथसूची विवरण
मुख्य लेखकों: Goetz, Judith P (लेखक), Le Compte, Margaret D (लेखक)
स्वरूप: पुस्तक
भाषा:स्पेनिश
प्रकाशित: Madrid Morata 1988
संस्करण:1a. ed
श्रृंखला:Colección Pedagógica. Manuales
विषय:
टैग: टैग जोड़ें
कोई टैग नहीं, इस रिकॉर्ड को टैग करने वाले पहले व्यक्ति बनें!

MARC

LEADER 00000cam a2200000 a 4500
001 UCZ6659
003 CL-VaPUC
008 951214e19880000SP |||||||||||||||||spa|d
020 |a 9788471123206 
082 0 4 |a 370.78  |b GOE  |2 21 
100 0 |a Goetz, Judith P  |e author  |9 351088 
700 0 |a Le Compte, Margaret D  |e author  |9 351089 
245 1 0 |a Etnografía y diseño cualitativo en investigación educativa 
250 |a 1a. ed 
300 |a 279 p 
942 |c BK 
945 |d 19951214 00:00:00  |a rleighto 
260 |a Madrid  |b Morata  |c 1988 
650 0 |a Investigación educacional   |9 261192 
650 0 |a Etnografía   |9 309735 
650 0 |a Filosofía de la educación   |9 258384 
583 |a last modification  |c 20131001 05:22:56  |k Rodrigo Vera 
490 0 |a Colección Pedagógica. Manuales 
999 |c 242851  |d 242849 
952 |0 0  |1 0  |4 0  |6 370_780000000000000_GOE_1988  |7 0  |8 A  |9 256100  |a BIBGIM  |b BIBGIM  |d 2019-11-19  |i 3151131  |o 370.78 GOE 1988  |p 3151131  |r 2025-01-15  |w 2019-11-19  |y BK  |k SSL 
952 |0 0  |1 0  |4 0  |6 370_780000000000000_GOE_1988  |7 0  |8 A  |9 256101  |a BIBEDU  |b BIBEDU  |c ES_NOD  |d 2019-11-19  |i 3196054  |o 370.78 GOE 1988  |p 3196054  |r 2023-08-09  |w 2019-11-19  |y BK  |k EDU 
952 |0 0  |1 0  |4 0  |6 370_780000000000000_GOE_1988  |7 0  |8 A  |9 256102  |a BIBEDU  |b BIBEDU  |c ES_NOD  |d 2019-11-19  |i 3630617  |o 370.78 GOE 1988  |p 3630617  |r 2023-08-09  |w 2019-11-19  |y BK  |k EDU 
952 |0 0  |1 0  |4 0  |6 370_780000000000000_GOE_1988  |7 0  |8 A  |9 256103  |a BIBEDU  |b BIBEDU  |c ES_NOD  |d 2019-11-19  |i 3644324  |o 370.78 GOE 1988  |p 3644324  |r 2023-08-09  |w 2019-11-19  |y BK  |k EDU 
952 |0 0  |1 0  |4 0  |6 370_780000000000000_GOE_1988  |7 0  |8 A  |9 256104  |a BIBEDU  |b BIBEDU  |c ES_NOD  |d 2019-11-19  |i 3659089  |o 370.78 GOE 1988  |p 3659089  |r 2023-08-09  |w 2019-11-19  |y BK  |k PSI 
952 |0 0  |1 0  |4 0  |6 370_780000000000000_GOE_1988  |7 0  |8 A  |9 256105  |a BIBEDU  |b BIBEDU  |c ES_NOD  |d 2019-11-19  |i 3775755  |o 370.78 GOE 1988  |p 3775755  |r 2023-08-09  |w 2019-11-19  |y BK  |k EDU 
952 |0 0  |1 0  |3 erb  |4 0  |6 370_780000000000000_GOE_1988  |7 0  |8 A  |9 256106  |a BIBGIM  |b BIBGIM  |d 2019-11-19  |i 5013550  |o 370.78 GOE 1988  |p 5013550  |r 2025-01-15  |w 2019-11-19  |y BK  |z Catalogado en:20131004  |k SSL